[Event "Celerina op 10th"]
[Site "Celerina"]
[Date "2016.05.16"]
[Round "5"]
[White "Widmer, Thomas"]
[Black "Adzic, Slobodan"]
[Result "0-1"]
[WhiteElo "1852"]
[BlackElo "2126"]
[PlyCount "51"]
[EventDate "2016.05.14"]
[EventType "swiss"]
[EventRounds "5"]
[EventCountry "SUI"]
[SourceTitle "CBM 172 Extra"]
[Source "ChessBase"]
[SourceDate "2016.06.21"]
[SourceVersion "1"]
[SourceVersionDate "2016.06.21"]
[SourceQuality "1"]

1. e4 c5 2. Nf3 e6 3. d4 cxd4 4. Nxd4 a6 5. Nc3 Qc7 6. a3 b5 7. Be2 Bb7 8. 0-0 Nf6 9. Bg5 Be7 10. Bf3 Nc6 11. Nxc6 dxc6 12. Qe2 e5 13. Rfd1 0-0 14. Rd3 h6 15. Bxf6 Bxf6 16. Rad1 Rad8 17. Bg4 Rd4 18. Qf3 Qa5 19. Kf1 c5 20. Rxd4 cxd4 21. Nd5 Bxd5 22. exd5 Qc7 23. Bf5 g6 24. Bd3 Kg7 25. Re1 Rd8 26. g4 0-1

[Event "Celerina op 10th"]
[Site "Celerina"]
[Date "2016.05.15"]
[Round "3"]
[White "Widmer, Thomas"]
[Black "Moggi, Christoph"]
[Result "1/2-1/2"]
[WhiteElo "1852"]
[BlackElo "1959"]
[PlyCount "47"]
[EventDate "2016.05.14"]
[EventType "swiss"]
[EventRounds "5"]
[EventCountry "SUI"]
[SourceTitle "CBM 172 Extra"]
[Source "ChessBase"]
[SourceDate "2016.06.21"]
[SourceVersion "1"]
[SourceVersionDate "2016.06.21"]
[SourceQuality "1"]

1. e4 c6 2. d4 d5 3. Nc3 dxe4 4. Nxe4 Bf5 5. Ng3 Bg6 6. Nf3 Nd7 7. Bd3 Ngf6 8. 0-0 e6 9. Bg5 Be7 10. c4 Qc7 11. Re1 0-0-0 12. Bxg6 hxg6 13. Qb3 Rhe8 14. Rad1 Bd6 15. Ne4 Bf4 16. g3 Bxg5 17. Nexg5 Rf8 18. d5 exd5 19. Re7 Qd6 20. Rxf7 Rde8 21. Rxf8 Rxf8 22. cxd5 Nxd5 23. Qd3 Ne5 24. Nxe5 1/2-1/2